• 首页
  • 本馆介绍
  • 公告通知
  • 最新文献
  • 馆藏检索
  • 电子资源
  • 读者导购
  • 参考咨询
  • 我的图书馆
  • 登录
  • 详细信息显示
  • 放入我的书架
  • 预约/预借图书
  • 作者相关作品
  • 分类相关作品
  • 丛书相关作品
  • 出版社相关作品

书目信息

  • 表格格式
  • 工作单格式
  • 卡片格式
题名:
时间是什么
    
 
作者: 哈特-戴维斯 著 ;王文浩 译
分册:  
出版信息: 长沙   湖南科学技术出版社  2017.09
页数: 259页
开本: 23cm
丛书名:
单 册:
中图分类: P19-49
科图分类:
主题词: 时间--普及读物
电子资源:
ISBN: 978-7-5357-9299-0
000 00998nam0 2200241 450
001 346
005 20180922082908.10
010    @a978-7-5357-9299-0@dCNY68.00
100    @a20171222d2017 em y0chiy50 ea
101 1  @achi@ceng
102    @aCN@b430000
105    @aa z 001yy
200 1  @a时间是什么@9shi jian shi shen me@dThe book of time@f(英)亚当·哈特-戴维斯著@g王文浩译@zeng
210    @a长沙@c湖南科学技术出版社@d2017.09
215    @a259页@c彩图@d23cm
330    @a本书从哲学、物理学、生物学等几个角度来追寻时间的本源,这种追寻一直让思想家们深深地着迷:如果时间真的存在,那它到底是什么。从自然界显示出的时间尺度来看,时间掌握着万事万物的行为;而对于人类,我们又该如何准确地设置与度量时间,怎样理解时间是相对的这一视角。
510 1  @aBook of time@zeng
606 0  @a时间@j普及读物
690    @aP19-49@v5
701  0 @c(英)@a哈特-戴维斯@9ha te-dai wei si@c(Hart-Davis, Adam)@4著
702  0 @a王文浩@9wang wen hao@4译
801  0 @aCN@b91MARC@c20171222
905    @aMuseLib@dP19-49@e240
    
    时间是什么=The book of time/(英)亚当·哈特-戴维斯著/王文浩译.-长沙:湖南科学技术出版社,2017.09
    259页:彩图;23cm
    
    
    ISBN 978-7-5357-9299-0:CNY68.00
    本书从哲学、物理学、生物学等几个角度来追寻时间的本源,这种追寻一直让思想家们深深地着迷:如果时间真的存在,那它到底是什么。从自然界显示出的时间尺度来看,时间掌握着万事万物的行为;而对于人类,我们又该如何准确地设置与度量时间,怎样理解时间是相对的这一视角。
●
相关链接 在E读中查询图书 在五车中查询图书 在当当中查询图书 在豆瓣中查询图书


正题名:时间是什么     索取号:P19-49/240         预约/预借

序号 登录号 条形码 馆藏地/架位号 状态 备注
1 1119449   211194492   第二样本阅览室/ [索取号:P19-49/240] 在馆    
2 1119450   211194508   第三借阅区/ [索取号:P19-49/240] 在馆    
3 1119451   211194517   第三借阅区/ [索取号:P19-49/240] 在馆    
4 1119452   211194526   第三借阅区/ [索取号:P19-49/240] 在馆    
5 1119453   211194535   第三借阅区/ [索取号:P19-49/240] 在馆    
唐山师范学院图书馆 欢迎您!
大连网信软件有限公司© 版权所有